The 20 Highest Rated Cards in NBA2k16 - Statistics

General Stats
  • This quiz has been taken 395 times
  • The average score is 12 of 20
Answer Stats
Rating Card Type Player % Correct
99 Playoff Moments LeBron James
96%
97 MVP LeBron James
96%
99 Playoff Moments Stehen Curry
92%
99 Reward Michael Jordan
86%
98 MVP Michael Jordan
86%
97 Playoff Moments Kevin Durant
77%
99 Moments Kobe Bryant
77%
98 Throwback Thursday Kobe Bryant
77%
97 Playoff Moments Russell Westbrook
70%
98 All Star MVP Erving "Magic" Johnson
58%
97 Reward Erving "Magic" Johnson
58%
99 Historic Player Kareem Abdul-Jabbar
51%
98 Playoff Moments Kyrie Irving
50%
98 Throwback Thursday Tim Duncan
49%
98 Throwback Thursday Dwyane Wade
39%
97 Throwback Thursday Kevin Garnett
31%
97 Moments Anthony Davis
30%
98 Reward Hakeem Olajuwon
30%
97 MVP Julius Erving
29%
98 Historic Player Oscar Robertson
25%
No matching quizzes found
Score Distribution
Percent of People with Each Score
Percentile by Number Answered
Your Score History
You have not taken this quiz